000 00865nam a2200241 a 4500
001 38671
003 BD-RjUL
005 20211209052834.0
008 160204s2005 bg ||||| |||| 00| 0 ben d
020 _a9847290253
035 _a(BD-RjUL)38780
040 _aBD-RjUL
_bben
_cBD-RjUL
041 _aben
082 _a501
_bISB 2005
100 _aইসলাম, শহিদুল
_9119329
245 _aবিজ্ঞানের দর্শন /
_cশহিদুল ইসলাম
_n(প্রথম খন্ড)
260 _aশাহবাগ, ঢাকা :
_bশিক্ষাবার্তা প্রকাশনা,
_c২০০৫
300 _a খন্ড ;
_c২২ সেমি.
505 _aখন্ড. ১ --
650 _aবিজ্ঞান
_xদর্শন
_9118339
650 _aScience
_xPhilosophy
_9119330
942 _2ddc
_cBK
_02
999 _c38671
_d38671